| 000 | 00671cam a22001817a 4500 | ||
|---|---|---|---|
| 008 | 180718b1991 xxu||||| |||| 00| 0 eng d | ||
| 082 | _aT39x73 Er99 | ||
| 100 | _aErzan, Refik | ||
| 245 |
_aRent sharing in the multi-fibre arrangement: theory and evidence from U.S. apparel imports from Hong Kong _cby Refik Erzan, Kala Krishna and Ling Hui Tan |
||
| 260 |
_aWashington, D.C. _bIBRD _c1991 |
||
| 300 | _a52+viiip. | ||
| 440 | _aIBRD Working Papers: WPS 597 | ||
| 650 | _aForeign Commerce - Hong Kong | ||
| 650 | _aForeign Commerce - U.S.A. | ||
| 700 | _aTan, Ling Hui, jt. auth. | ||
| 700 | _aKrishan, Kala, jt. auth. | ||
| 700 | _aInternational Economics Department | ||
| 999 |
_c226829 _d226829 |
||